Anatomia Humana, descriptiva, topogrófica y funcional: cabeza y cuello (Registro nro. 13409)
[ vista simple ]
| 000 -Cabecera | |
|---|---|
| Campo de control de longitud fija | 00937aam a2200349 4500 |
| 005 - Fecha y hora de la última transacción | |
| Campo de control | 20241127183510.0 |
| 008 - Elementos de longitud fija--Información general | |
| Campo de control de longitud fija | 150715b1987 sp ||||| |||| 00| 0 spa d |
| 020 ## - International Standard Book Number | |
| Número Internacional Estándar del Libro (ISBN) | 844580507X |
| 041 ## - Idioma | |
| Código de idioma | Español |
| 082 ## - Clasificación Decimal Dewey | |
| Número de clasificación | 611 R868a9 |
| 100 ## - Entrada principal--Autor personal | |
| Nombre personal | Rouviere, Henri |
| 9 (RLIN) | 2940 |
| 100 ## - Entrada principal--Autor personal | |
| Nombre personal | Delmas, André |
| 9 (RLIN) | 2941 |
| 245 ## - Título propiamente dicho | |
| Título | Anatomia Humana, descriptiva, topogrófica y funcional: cabeza y cuello |
| 250 ## - Edición | |
| Mención de edición | 9 edición |
| 260 ## - Pie de imprenta | |
| Lugar de publicación, distribución, etc. | España |
| 260 ## - Pie de imprenta | |
| Nombre del editor, distribuidor, etc. | Masson |
| 260 ## - Pie de imprenta | |
| Fecha de publicación, distribución, etc. | 1996 |
| 300 ## - Descripción física | |
| Extensión | 616 páginas |
| 300 ## - Descripción física | |
| Otras características físicas | Ilustraciones a blanco y negro y a color |
| 505 ## - Nota de contenido | |
| Nota de contenido | Tomo I |
| 650 ## - Materia general | |
| Temática (materia general) | ANATOMÍA HUMANA |
| 650 ## - Materia general | |
| Temática (materia general) | CABEZA |
| 650 ## - Materia general | |
| Temática (materia general) | CUELLO |
| 650 ## - Materia general | |
| Temática (materia general) | ESQUELETO DEL CUELLO |
| 650 ## - Materia general | |
| Temática (materia general) | MÚSCULOS DE LA CABEZA |
| 650 ## - Materia general | |
| Temática (materia general) | MÚSCULOS DEL CUELLO |
| 650 ## - Materia general | |
| Temática (materia general) | ÓRGANOS DE LOS SENTIDOS |
| 650 ## - Materia general | |
| Temática (materia general) | CAVIDAD ORAL |
| 650 ## - Materia general | |
| Temática (materia general) | SISTEMA DIGESTIVO |
| 650 ## - Materia general | |
| Temática (materia general) | SISTEMA RESPIRATORIO |
| 942 ## - Punto de acceso adicional KOHA | |
| Tipo de ítem KOHA | Libro |
| Fuente del sistema de clasificación o colocación | Dewey Decimal Classification |
| Signatura completa | Código de barras | Programa Académico | Tipo de ítem |
|---|---|---|---|
| 611 R868a9 | 3895 | Mecánica Dental | Libro |